Føtex PLU-nr. - Statistics

General Stats
  • This quiz has been taken 9 times
  • The average score is 20 of 52
Answer Stats
Vare PLU-nr. % Correct
Bananer, Løse, Øko 1108
100%
Citroner, Løse 1112
100%
Æbler, Løse 1158
100%
Kiwi, Løse 1133
80%
Pærer, Løse 1147
80%
Blomkål 1170
80%
Forårsløg 1180
80%
Bagekartofler, Løse 1197
80%
Peber, Løse 1213
80%
Tomater, Løse 1240
80%
Lime, Løse 1601
80%
Mango 1602
80%
Appelsiner, Løse 1608
80%
Blommer, Løse 1109
60%
Grape, Røde, Løse 1125
60%
Hvidløg, Løse 1227
60%
Auberginer 1678
60%
Squash, Grønne 1685
60%
Clementiner, Løse 1114
40%
Honningmelon, Grøn 1138
40%
Avocado, Løse 1167
40%
Porrer, Løse 1203
40%
Spidskål 1237
40%
Vandmelon 1410
40%
Passionsfrugt 1610
40%
Søde Kartofler 1614
40%
Granatæbler 1689
40%
Romanesco, Øko 1105
20%
Honningmelon, Gul 1140
20%
Cantaloupe Melon 1141
20%
Honningmelon, Hvid Dino 1188
20%
Hvidkål 1191
20%
Rødkål 1199
20%
Clementiner, 2,3 kg kasse 1215
20%
Knoldselleri 1236
20%
Kokosnødder 1322
20%
Pithaya 1645
20%
Artiskokker 1676
20%
Litchi, Løse 1696
20%
Ananas, Stor, Princip 1103
0%
Kartofler, 7,5 kg 1106
0%
Hokkaido Græsker, Øko 1119
0%
Kartofler, 5 kg 1123
0%
Clementiner, 5 kg kasse 1128
0%
Pomelo 1146
0%
Iceberg Salat 1229
0%
Papaya, Løse 1611
0%
Grenadil 1615
0%
Carambole 1623
0%
Kinaradiser, Løse 1629
0%
Pinjekogler 1632
0%
Hokkaido Græskar 1646
0%
No matching quizzes found
Score Distribution
Percent of People with Each Score
Percentile by Number Answered
Your Score History
You have not taken this quiz